000 00705cab a2200241 4500
001 ABS60673
008 090401t1999 xxu||||| |||| 00| 0 eng d
035 _a(Sirsi) u93637
041 _aeng
100 _aBarrett, C.
245 _aWoolf reforms: the surveying view
260 _c1999
350 _a0
490 _aSolicitors` Journal
_v143(19) 14 May 1999, 469(1)
520 _aLooks at the surveyor's role in the light of the Woolf reforms. Advises that surveyors need to be aware of the costs implications of the reforms.
650 _aEXPERT WITNESSES
650 _aLITIGATION
650 _aSURVEYORS
650 _aWOOLF REFORMS
690 _aLAW
942 _n0
948 _c28/05/1999
999 _c59348
_d59348